00000000cam 2200000zi 4500
0019.963905
003CaOODSP
00520260629161334
006m     o  d f      
007cr |n|||||||||
008260629t20262026onca   jo    f|0| 0 fre d
040 |aCaOODSP|bfre|erda|cCaOODSP
043 |an-cn---
0861 |aA104-202/1-2026F-PDF
24500|aLivre d'activités du héros de la santé des végétaux : |bâge : 5-8.
250 |a[Édition révisée 2026]
264 1|a[Ottawa] : |bAgence canadienne d'inspection des aliments = Canadian Food Inspection Agency, |c[2026]
264 4|c©2026
300 |a1 ressource en ligne (15 pages) : |billustrations en couleur
336 |atexte|btxt|2rdacontent/fre
337 |ainformatique|bc|2rdamedia/fre
338 |aressource en ligne|bcr|2rdacarrier/fre
500 |aPublié aussi en anglais sous le titre : Plant health hero activity book: ages 5-8.
500 |a« Révisé 2026. »
650 6|aPlantes|xSanté|zCanada|vOuvrages pour la jeunesse.
655 7|aCahiers d'activités|2rvmgf
7102 |aAgence canadienne d'inspection des aliments, |eorganisme de publication.
77508|tPlant health hero activity book : |w(CaOODSP)9.963904
795 |tLivre d'activités du héros de la santé des végétaux : |b[Édition 2020]|w(CaOODSP)9.891802
85640|qPDF|s11.50 Mo|uhttps://publications.gc.ca/collections/collection_2026/acia-cfia/A104-202-1-2026-fra.pdf